000 00816nam a2200301Ia 4500
008 171025s9999 xx 000 0 und d
020 _a9780306820762
050 _a303.48
050 _bC518 2011
100 _aChen, Brian X.
245 _aAlways on :
245 _bhow the iPhone unlocked the anything-anytime-anywhere future-and locked us in /
245 _cBrian X. Chen.
260 _aPhiladelphia :
260 _bDa Capo Press,
260 _c2011
300 _aiii, 252 pages :
300 _billustrations ;
300 _c20cm.
500 _aIncludes index.
650 _aiPhone (Smartphone) --
650 _aTechnological innovations --
650 _aTelecommunication --
650 _xSocial aspect.
650 _xSocial aspect.
650 _xSocial aspects.
700 _aTitle.
999 _c344891
_d344891